000
00309nam a22001217a 4500
008
181207b xxu||||| |||| 00| 0 eng d
041
_a
eng
080
_2
4 th
_a
101
100
_a
25
101
_a
fil
245
_a
Discourse On Method And Meditations On First Philosophy
_c
Cress.D A
942
_2
udc
_c
BK
999
_c
53045
_d
53045